000
00284nam a2200097Ia 4500
001
650167
005
20250826154354.0
008
250824s9999 xx 000 0 und d
245
0
_a
ARABA SEVDASI ANTİK OKUL KLASİKLERİ
_c
RECAİZADE MAHMUD EKREM
260
_b
ANTİK DÜNYA KLASİKLERİ
999
_c
650167
_d
650167